000
00262nam a2200109Ia 4500
008
200302s9999 xx 000 0 und d
100
_a
M. T. Telling
245
_a
Carpentry and Joinery
260
_b
Sir Isaac Pitman & Sons Ltd.
260
_c
1963
300
_a
267 P.,
999
_c
285
_d
285